| 000 | 00412nam a2200181Ia 4500 | ||
|---|---|---|---|
| 005 | 20240913130151.0 | ||
| 008 | 240913s9999||||xx |||||||||||||| ||und|| | ||
| 041 | _aENGLISH | ||
| 082 | _A658.4092 N6 | ||
| 100 | _aLowe,Phil | ||
| 245 | 0 | _aLeadership Skills | |
| 250 | _a1st | ||
| 260 |
_c1996 _bKogan Page,New delhi |
||
| 500 | _aREFERENCE | ||
| 650 |
_aGeneral _bGeneral |
||
| 942 | _cREF | ||
| 999 |
_c247117 _d247117 |
||